Closest Countries to Antarctica Quiz Stats

 Plays Quiz Updated Jul 2, 2018

Challenge
Share
Tweet
Embed
Score 0/20 Timer 03:00
6 Plays Today
Distance Country % Correct
856 kmArgentina
96.9%
808 kmChile
96.6%
1,256 kmAustralia
96.5%
1,566 kmNew Zealand
95.3%
2,276 kmSouth Africa
95.2%
3,034 kmBrazil
85.3%
2,889 kmUruguay
80.8%
3,730 kmParaguay
77.4%
4,235 kmLesotho
74.5%
4,892 kmPeru
72.7%
Distance Country % Correct
813 kmUnited Kingdom
72%
4,516 kmMadagascar
70.2%
4,298 kmBolivia
68.3%
4,594 kmeSwatini
67.6%
4,587 kmNamibia
65.1%
1,930 kmFrance
64.1%
4,722 kmBotswana
59.9%
4,550 kmMozambique
59.7%
5,047 kmMauritius
36%
1,760 kmNorway
32.3%

You're not logged in!

Compare scores with friends on all Sporcle quizzes.
OR
Log In

You Might Also Like...

Show Comments

Extras

Top Quizzes Today


Score Distribution

Your Account Isn't Verified!

In order to create a playlist on Sporcle, you need to verify the email address you used during registration. Go to your Sporcle Settings to finish the process.

Report this User

Report this user for behavior that violates our Community Guidelines.

Details: